000 01019nas a2200337 4500
001 BR2011000292
003 BR-BrBNA
005 20231205114411.0
007 ta
008 230509b bl.|||p| |||| 00| 00por d
040 _aBR-BrBNA
_bpor
_cBiblioteca Nacional de Agricultura
041 _a(Pt)
072 _aF40; F01
100 1 _aNeis, S.
100 1 _aSantos, S.C.
100 1 _aAssis, K.C. de
100 1 _aMariano, Z. de F.
245 1 _aCaracterização fenológica e requerimento térmico para a videira Niagara Rosada em diferentes épocas de poda no sudoeste goiano
650 _aUVA
650 _aPODA
650 _aFENOLOGIA
650 _aFISIOLOGIA VEGETAL
650 _aBROTAÇÃO
650 _aFLORAÇÃO
650 _aTEMPERATURA
650 _aANÁLISE COMPARATIVA
650 _aGOIÁS
773 0 _tRevista Brasileira de Fruticultura (Brazil)
_xISSN 0100-2945
_g(Sep 2010), v. 32(3) p. 931-937
_wBR2011000292
909 _a202311
_bLúcia
_c55
_dLúcia Elande
942 _2AGRIS
_n0
_cANA
999 _c208594
_d208594